000 00545nam a2200181Ia 4500
008 090630s9999 xx 000 0 und d
082 _b14565
100 _aओशो.
245 _aशिक्षा मे क्रांती.
_cओशो.
260 _bरेबल - पुणे.
_c1996
300 _a518
600 _aओशो.
630 _aशिक्षा मे क्रांती.
655 _aहिंदी.
700 _aओशो.
730 _aशिक्षा मे क्रांती.
942 _cBOOK
999 _c266421
_d266421